000 00576nam a22002177a 4500
003 UA-OsUOA
001 44575
007 ta
008 20101118b un ||||| |||| 00| 0 ukr d
100 _aKortshmaryk B.F.
090 _a94(477).02/82-92
942 _cBR
040 _aUA-OsUOA
_bfre
_cUA-OsUOA
_dUA-OsUOA
245 _aC'est la Rouce-Ukraine rt non la Russie qui fut christianisme en 988
300 _a12 c. с.
955 _a1
041 _afre
080 _a94(477).02/82-92
650 7 _a9 Географія. Біографії. Історія
_2UDC
999 _c424680
_d424680